Carolina League Teams Quiz Stats

 Plays Quiz not verified by Sporcle

Score 0/10 Timer 03:00
0 Plays Today
Major-League Affiliation Team % Correct
NationalsPotomac Nationals
72.2%
Red SoxSalem Red Sox
72.2%
BravesCarolina Mudcats
65.3%
CubsMyrtle Beach Pelicans
65.3%
OriolesFrederick Keys
61.1%
IndiansLynchburg Hillcats
59.7%
White SoxWinston-Salem Dash
59.7%
RoyalsWilmington Blue Rocks
55.6%
AstrosBuies Creek Astros
55.6%
RangersDown East Wood Ducks
42.2%

You're not logged in!

Compare scores with friends on all Sporcle quizzes.
OR
Log In

Sporcle TV

Today on Sporcle TV


Watch our educational content, quiz creation guides, and fun videos on Sporcle TV.

Show Comments

Extras

Top Quizzes Today


Score Distribution

Your Account Isn't Verified!

In order to create a playlist on Sporcle, you need to verify the email address you used during registration. Go to your Sporcle Settings to finish the process.

Report this User

Report this user for behavior that violates our Community Guidelines.

Details: